Statistics for Ingredients Quiz

Click here to take the quiz!

General Stats

  • This quiz has been taken 85 times
    (72 since last reset)
  • The average score is 21 of 33

Answer Stats

HintAnswer% Correct
1Sugar
94%
4Sugar
94%
3Sugar
94%
6Sugar/Ice Cream
94%
5Sugar (Simple Syrup)
94%
4Flour
93%
1Flour
93%
1Vanilla
93%
4Egg
87%
1Egg
87%
4Fruit (Including Lemon Juice)
87%
1Leavening
82%
1Milk
81%
5Salt
81%
4Salt
81%
8Water
76%
1Butter
75%
4Butter
75%
8Aggregate
57%
6Fruit Juices
57%
5Lime Juice
57%
3Spice
57%
5Tequila
52%
8Cement
46%
3Everything Nice
46%
9Puppydog Tails
31%
2Charcoal
30%
9Snails
30%
5(Orange) Liqueur
28%
6Ginger Ale/Soda
24%
2Sulfur
24%
2Saltpeter
16%
9Snips
10%

Score Distribution

Percentile by Number Answered

Percent of People with Each Score

Your Score History

You have not taken this quiz since the last reset